=LDR 00000nam 2200000 4500 =001 INLIS000000000030131 =005 20200612082544 =035 ##$$a 0010-061300000030131 =008 200612################g##########0#ind## =041 ##$$a Ind =082 ##$$a 2x0 =090 ##$$a 2x0, Kal i =100 #$$a Kaelany =245 1#$$a Islam, iman dan amal saleh, Drs. Kaelany HD /$c Drs. Kaelany HD =260 ##$$a Jakarta :$b Rineka Cipta,$c 2000 =300 ##$$a 250 hlm, ; $c 13 x 21 cm =650 #4$$a Islam =850 ##$$a NBPNMAT =020 ##$$a 979-518-741-4 =084 ##$$a 2x0 KAE i =250 ##$$a cet.1 =990 ##$$a 00055463 =990 ##$$a 00085778 =990 ##$$a 00085778 =990 ##$$a 00055463 =990 ##$$a 00055463 =990 ##$$a 00085778